Canción de navidad / (Registro nro. 3994)
[ vista simple ]
| 000 -LEADER | |
|---|---|
| fixed length control field | 01347nam a2200277Ia 4500 |
| 003 - CONTROL NUMBER IDENTIFIER | |
| control field | OSt |
| 005 - DATE AND TIME OF LATEST TRANSACTION | |
| control field | 20250710103418.0 |
| 008 - FIXED-LENGTH DATA ELEMENTS--GENERAL INFORMATION | |
| fixed length control field | 191128s2010 sp a jr 000 f spa d |
| 020 ## - INTERNATIONAL STANDARD BOOK NUMBER | |
| International Standard Book Number | 9788466793162 |
| 040 ## - CATALOGING SOURCE | |
| Original cataloging agency | CO-JMCR |
| Transcribing agency | CO-JMCR |
| 041 ## - LANGUAGE CODE | |
| Language code of text/sound track or separate title | spa |
| 082 14 - DEWEY DECIMAL CLASSIFICATION NUMBER | |
| Classification number | J-N |
| Item number | DICc |
| 100 1# - MAIN ENTRY--PERSONAL NAME | |
| Personal name | Dickens, Charles, |
| Dates associated with a name | 1812-1870 |
| Relator term | autor |
| 9 (RLIN) | 6767 |
| 245 10 - TITLE STATEMENT | |
| Title | Canción de navidad / |
| Statement of responsibility, etc. | Charles Dickens ; traducción Santiago R. Santerbás ; presentación Luis Rafael ; ilustración Enrique Flores |
| 250 ## - EDITION STATEMENT | |
| Edition statement | Primera edición |
| 260 ## - PUBLICATION, DISTRIBUTION, ETC. | |
| Place of publication, distribution, etc. | España : |
| Name of publisher, distributor, etc. | Anaya, |
| Date of publication, distribution, etc. | 2010 |
| 300 ## - PHYSICAL DESCRIPTION | |
| Extent | 156 páginas : |
| Other physical details | ilustraciones a blanco y negro ; |
| Dimensions | 20 cm. |
| 490 0# - SERIES STATEMENT | |
| Series statement | Tus libros selección |
| 505 ## - FORMATTED CONTENTS NOTE | |
| Formatted contents note | El espectro de Marley -- El primero de los tres espíritus -- El segundo de los tres espíritus -- El último de los espíritus -- El final de la historia -- Una navidad del siglo XXI |
| 520 ## - SUMMARY, ETC. | |
| Summary, etc. | Las buenas intenciones suelen producir mala literatura, decía Flaubert, pensando sin duda en las obras moralizantes. Canción de navidad es una gloriosa excepción al aforismo. Escrito bajo la influencia de las ideas sociales de Dickens. |
| 650 14 - SUBJECT ADDED ENTRY--TOPICAL TERM | |
| Topical term or geographic name entry element | Navidad en a literatura |
| 9 (RLIN) | 6768 |
| 700 ## - ADDED ENTRY--PERSONAL NAME | |
| Personal name | Santerbás, Santiago R. |
| Relator term | traductor |
| 9 (RLIN) | 6769 |
| 700 ## - ADDED ENTRY--PERSONAL NAME | |
| Personal name | Rafael, Luis, |
| Relator term | presentación |
| 9 (RLIN) | 6770 |
| 700 ## - ADDED ENTRY--PERSONAL NAME | |
| Personal name | Flores, Enrique, |
| Relator term | ilustrador |
| 9 (RLIN) | 5503 |
| 942 ## - ADDED ENTRY ELEMENTS (KOHA) | |
| Source of classification or shelving scheme | Dewey Decimal Classification |
| Koha item type | Books |
| Withdrawn status | Lost status | Source of classification or shelving scheme | Damaged status | Not for loan | Home library | Current library | Date acquired | Total Checkouts | Full call number | Barcode | Date last seen | Date last checked out | Copy number | Koha item type |
|---|---|---|---|---|---|---|---|---|---|---|---|---|---|---|
| Dewey Decimal Classification | Biblioteca Pública José María del Castillo y Rada | Biblioteca Pública José María del Castillo y Rada | 07/07/2020 | 1 | J-N DICc | 201808786 | 01/17/2024 | 01/17/2024 | Ej.1 | Books |